000
00280nam a22001337a 4500
008
170221b xxu||||| |||| 00| 0 eng d
020
_a
9780071488693
041
_a
eng
080
_a
615
100
_a
5
101
_a
SHF
245
_a
PHARAMCOLOGY
_c
A.J.TREVOR
942
_2
udc
_c
BK
999
_c
5949
_d
5949